000 00444 a2200133 4500
001 ART_7209
005 20260410161700.0
008 260409a
245 1 0 _aEl ajuste estacional y los efectos del calendario doméstico en un agregado monetario para Argentina
100 1 _aBurdisso, Tamara
700 1 _aBlanco, Emilio
700 1 _aSardi, Mariano
773 0 _tEnsayos Económicos
_g- Nº 57/58 (ene./jun. 2010)
_wREV620
999 _c15070
_d15070